000 00728aab a2200205 4500
001 768714001
003 CO-MdFUSB
005 20240606155006.0
008 170510s1993 cr ||||| |||| 00| 0 spa d
022 _a1409-1968
040 _aCO-MdFUSB
_bspa
_cCO-MdFUSB
_dCO-MdFUSB
041 _aspa
245 1 0 _aReportaje exclusivo a Luis Palau
300 _aVolumen 10. Número 6 (1993), páginas 32-34
_c: 27 cm.
520 _a"El crecimiento de la Iglesia en América Latina se ha frenado. Tal vez sea porque el orgullo está entrando y nos puede hundir"
653 _aEntrevista
773 0 _tApuntes Pastorales
_049442
_960185
_gVolumen 10. Número 6 (1993), páginas 32-34
_qPágina 32
942 _cANA
945 _aJTF-925
999 _c50670
_d50670